ბათუმის შოთა რუსთაველის სახელმწიფო უნივერსიტეტის ბიბლიოთეკა

The spell. (ბიბ.ჩანაწერი № 46897)

000 -LEADER
fixed length control field 00477nam a2200217Ia 4500
001 - CONTROL NUMBER
control field 13750
003 - CONTROL NUMBER IDENTIFIER
control field GE_BSU
008 - FIXED-LENGTH DATA ELEMENTS--GENERAL INFORMATION
fixed length control field 181216s||||||||xx |||||||||||||| ||und||
020 ## - INTERNATIONAL STANDARD BOOK NUMBER
International Standard Book Number 0701165197
040 ## - CATALOGING SOURCE
Transcribing agency GE_BSU
080 ## - UNIVERSAL DECIMAL CLASSIFICATION NUMBER
Universal Decimal Classification number 821.111-32
100 ## - MAIN ENTRY--PERSONAL NAME
Personal name Hollinghurs,Alan.
245 #4 - TITLE STATEMENT
Title The spell.
245 ## - TITLE STATEMENT
Statement of responsibility, etc. Translation Racine Bajazet.
260 ## - PUBLICATION, DISTRIBUTION, ETC.
Place of publication, distribution, etc. London.
260 ## - PUBLICATION, DISTRIBUTION, ETC.
Name of publisher, distributor, etc. Chatto &Windus.
260 ## - PUBLICATION, DISTRIBUTION, ETC.
Date of publication, distribution, etc. 1998
300 ## - PHYSICAL DESCRIPTION
Extent 275p;23cm.
653 ## - INDEX TERM--UNCONTROLLED
Uncontrolled term The spell.
942 ## - ADDED ENTRY ELEMENTS (KOHA)
Koha item type წიგნი
ეგზემპლარები
Withdrawn status Lost status Damaged status Not for loan Date acquired Barcode Date last seen Price effective from Koha item type
        2018-12-17 36731 2018-12-17 2018-12-17 წიგნი